| 000 | 01420nam a22002297a 4500 | ||
|---|---|---|---|
| 003 | BJBSDDR | ||
| 005 | 20260415124831.0 | ||
| 007 | ta | ||
| 008 | 260415s2015 enk||||| |||| 00| 0 eng d | ||
| 020 | _a9780231174497 | ||
| 040 |
_bspa _cBJBSDDR |
||
| 041 | _aeng | ||
| 050 | _bSm655 2015 | ||
| 100 | 1 |
_aSmith, Michael Glover _947974 |
|
| 245 | 1 | 0 |
_a Flickering empire : _bhow Chicago invented the U.S. film industry / _cMichael Glover Smith, Adam Selzer |
| 260 |
_aLondon : _bWallflower Press, _c2015 |
||
| 300 |
_a xviii, 214 pages : _billustrations ; _c 24 cm |
||
| 520 | _aFlickering Empire tells the fascinating yet little-known story of how Chicago served as the unlikely capital of American film production in the years before the rise of Hollywood (1907–1913). As entertaining as it is informative, Flickering Empire straddles the worlds of academic and popular nonfiction in its vivid illustration of the rise and fall of the major Chicago movie studios in the mid-silent era (principally Essanay and Selig Polyscope). Colorful, larger-than-life historical figures, including Thomas Edison, Charlie Chaplin, Oscar Micheaux, and Orson Welles, are major players in the narrative―in addition to important though forgotten industry titans, such as "Colonel" William Selig, George Spoor, and Gilbert "Broncho Billy" Anderson. | ||
| 700 | 1 |
_aSelzer, Adam _947978 |
|
| 942 |
_2lcc _n0 _cBK |
||
| 946 | _icmc | ||
| 999 |
_c126831 _d126831 |
||